000 00438nam a22001697a 4500
003 NUST - PNEC
005 20170116181111.0
008 151003b xxu||||| |||| 00| 0 eng d
020 _a0340625031
040 _cLIBRARY
082 _a621 BYR
100 _912898
_aByrne, Patrick
245 _aTurning, milling and grinding processes
_cPatrick Byrne
260 _cc.1996
650 _912900
_aMilling (Metal-work)
_xME
942 _2ddc
_cBK
999 _c69107
_d69107